Southville International School and Colleges
Your cart is empty.
  • Cart
  • Lists
    Public lists Eva Luna New books Lux_list list_1
    Your lists Log in to create your own lists
  • Log in to your account
  • Your cookies
  • Search history
Southville International School and Colleges
  • Advanced search
  • Recent comments
  • Most popular
  • Libraries

Log in to your account

Log in with GOOGLE


If you do not have an external account, but do have a local account, you can still log in:

  1. Home
  2. MARC view: Bernard on his own /
Normal view MARC view ISBD view

Bernard on his own / (Record no. 103712)

[ view plain ]
MARC details
000 -LEADER
fixed length control field 00680nam a2200193 a 4500
005 - DATE AND TIME OF LATEST TRANSACTION
control field 20140412111306.0
008 - FIXED-LENGTH DATA ELEMENTS--GENERAL INFORMATION
fixed length control field 010426s19uu xx 00 eng d
020 ## - INTERNATIONAL STANDARD BOOK NUMBER
International Standard Book Number 0-395-65226-X
050 ## - LIBRARY OF CONGRESS CALL NUMBER
Classification number TR(PS E
Item number Be35 1993
100 ## - MAIN ENTRY--PERSONAL NAME
Personal name Hoff, Syd
245 ## - TITLE STATEMENT
Title Bernard on his own /
Statement of responsibility, etc written and illustrated by Syd Hoff.
260 ## - PUBLICATION, DISTRIBUTION, ETC. (IMPRINT)
Place of publication, distribution, etc New York :
Name of publisher, distributor, etc Houghton Mifflin Company,
Date of publication, distribution, etc 1993.
300 ## - PHYSICAL DESCRIPTION
Extent 32p. ; ill.
520 ## - SUMMARY, ETC.
Summary, etc After Bernard the bear cub tries unsuccesfully to catch a fish, explore a cave, and play with the ducks and deer, he receives reassurance from his father.
650 ## - SUBJECT ADDED ENTRY--TOPICAL TERM
Topical term or geographic name as entry element Bears-Fiction
650 ## - SUBJECT ADDED ENTRY--TOPICAL TERM
Topical term or geographic name as entry element Growth-Fiction
650 ## - SUBJECT ADDED ENTRY--TOPICAL TERM
Topical term or geographic name as entry element Animals-Fiction
Holdings
Withdrawn status Lost status Damaged status Home library Current library Shelving location Date acquired Source of acquisition Cost, normal purchase price Total Checkouts Full call number Barcode Date last seen Price effective from Koha item type
      Elizalde Library Elizalde Library Teachers Reference Section 04/26/2001   145.50   TR(PS E Be35 1993 E5760 04/12/2014 04/12/2014 Books

Bernard on his own /

APA

Hoff S., . (1993). Bernard on his own. New York: Houghton Mifflin Company.

Chicago

Hoff Syd, . 1993. Bernard on his own. New York: Houghton Mifflin Company.

Harvard

Hoff S., . (1993). Bernard on his own. New York: Houghton Mifflin Company.

MLA

Hoff Syd, . Bernard on his own. New York: Houghton Mifflin Company. 1993.

  • Place hold
  • Print
  • Cite
  • Add to your cart (remove)
  • Save record
    BIBTEX Dublin Core MARCXML MARC (non-Unicode/MARC-8) MARC (Unicode/UTF-8) MARC (Unicode/UTF-8, Standard) MODS (XML) RIS
  • More searches
    Search for this title in:
    Other Libraries (WorldCat) Other Databases (Google Scholar) Online Stores (Bookfinder.com) Open Library (openlibrary.org)

Exporting to Dublin Core...

SOUTHVILLE LIBRARY

Southville International School and Colleges Library

1281 Tropical Ave. Cor. Luxembourg St., BF Homes International, Las Pinas City

Tel. No. 8256374 / 252358 Loc. 117/146

Powered by Koha